[Event "87th Tata Steel Masters 2025"]
[Site "Wijk aan Zee"]
[Date "2025.01.31"]
[Round "11.5"]
[White "Caruana, Fabiano"]
[Black "Praggnanandhaa, Rameshbabu"]
[Result "0-1"]
[WhiteElo "2803"]
[BlackElo "2741"]
[Annotator "Chessbase - Stockfish 17"]
[PlyCount "74"]
[EventDate "2025.??.??"]
[EventCountry "NED"]

{[%evp 13,74,15,17,18,18,18,11,17,3,0,10,0,52,0,28,-8,0,0,0,-6,0,-12,54,63,92,64,60,53,62,54,54,56,47,37,41,52,57,57,65,28,52,29,52,25,42,0,0,0,0,0,0,-198,-197,-190,-188,-2817,-2236,-6187,-5721,-29972,-29972,-5389,-1393]} 1. c4 e6 2. Nc3 d5 3. d4 Nf6 4. cxd5 exd5 5. Bg5 c6 6. e3 Bd6 7. Bd3 O-O 8. Nge2 {D35: Queen's Gambit Declined: Exchange Variation.} Re8 9. h3 (9. Qc2 h6 10. Bh4 a5 11. h3 Na6 12. a3 Nc7 13. O-O Ne6 14. f4 Be7 15. Bf2 b5 16. Ng3 Bd7 17. Nf5 Bf8 18. g4 b4 19. Na4 Ne4 20. Ng3 b3 21. Qxb3 Nd2 22. Qc2 Nxf1 23. Rxf1 Rc8 {Ponkratov,P (2582)-Matlakov,M (2677) chess.com INT 2023 0-1 (48)}) 9... Nbd7 (9... a5 10. Qc2 h6 11. Bh4 Na6 12. a3 Nc7 13. Bg3 Bxg3 14. Nxg3 c5 15. dxc5 d4 16. Nd1 Nfd5 17. O-O Qh4 18. exd4 Nf4 19. Ne3 Bxh3 20. Rfe1 Rxe3 21. Rxe3 Bxg2 22. Be4 Qh3 23. Bf5 Qh4 24. Be4 {Badacsonyi,S (2289)-O'Gorman,T (2388) England ENG 2025 ½-½}) 10. Qc2 {[%cal Yd3h7] The position is equal.} Nf8 11. O-O-O b5 $146 {[%mdl 8] An interesting novelty.} (11... a5 12. Kb1 (12. g4 b5 13. Bf4 a4 14. Kb1 Ba6 15. Bxd6 Qxd6 16. Ng3 N6d7 17. Nf5 Qb8 18. Ne2 g6 19. Nh6+ Kg7 20. g5 Rc8 21. f4 b4 22. Bxa6 Rxa6 23. Qd2 f5 24. h4 Qb5 25. h5 Nb6 26. hxg6 {Grebnev,A (2486)-Popov,I (2627) Moscow RUS 2022 1-0 (33)}) 12... Be7 13. g4 b5 14. Rc1 Ba6 15. f3 a4 16. Nd1 b4 17. Bxa6 Rxa6 18. Qd3 Rb6 19. Nf2 Ne6 20. h4 Bf8 {½-½ (20) Poltorak,S (2372)-Sumets,A (2521) Wolfsburg GER 2024}) 12. Kb1 a5 $6 {Inaccuracy. Be7 was best.} (12... Be7 13. Ng3) 13. f3 $6 {Inaccuracy. e4 was best.} (13. e4 Be7) 13... Be7 14. Bxf6 Bxf6 15. e4 a4 16. a3 {[#]} b4 $1 17. axb4 a3 (17... Be6) 18. b3 $14 Qb6 $6 {Inaccuracy. a2+ was best.} (18... a2+ 19. Ka1) 19. Ka2 dxe4 (19... Bxd4 $6 20. Nxd4 (20. exd5 c5 $14) 20... Qxd4 21. b5 $16) (19... Qxb4 20. exd5 Bb7 (20... Bxd4 $2 21. Nxd4 c5 22. Nc6 $18) 21. Ne4 cxd5 22. Nxf6+ gxf6 23. Qc5 $16) 20. fxe4 Bxd4 21. Nxd4 Qxd4 22. b5 (22. Bc4 Qb6) 22... Bd7 {[%cal Yc8d7,Yd7c6,Yc6e8,Ye8a4][%mdl 32]} 23. Bc4 Qa7 24. bxc6 (24. Rhf1 Be6 (24... Re7 25. Qf2 $14)) 24... Bxc6 25. Rhf1 Re7 26. Nd5 Rb7 27. Rf5 Rc8 {[%cal Yc6a4]} 28. Qd3 {Strongly threatening Ba6.} Ne6 29. Rdf1 Be8 30. R5f2 Qb8 31. Rc2 {[%cal Yf1f2]} Nc5 32. Qe3 $4 {Blunder. Qe2 was best. [#]} (32. Qe2 Kh8) 32... Nxb3 $1 $19 {[%mdl 512]} 33. Rb1 {[#]} (33. Bxb3 $2 {is the wrong capture.} Rxc2+ 34. Bxc2 Rb2+ 35. Kxa3 Rxc2 $19) 33... Ba4 34. Bd3 $4 {Blunder. Qf2 was best. [#]} (34. Qf2 Na5 (34... Nd4) 35. Ne7+ Kh8 36. Rxb7 Qxb7 37. Nxc8 Bxc2 (37... Qxc8 38. Rc3 $17) (37... Nxc4 38. Qc5 $18) 38. Qxc2 Nxc4 (38... Qxc8 39. Bb3 $15) 39. Ne7) 34... Nc5 $1 {[%mdl 512]} 35. Ne7+ (35. Rxb7 Qxb7) 35... Kh8 36. Rxb7 Qxb7 37. Ba6 Qxe7 {Weighted Error Value: White=0.65/Black=0.09 (flawless) Loses game: 	White=1 	--- Mistake: 	White=2 	Black=2 Inaccurate: 	White=6 	Black=2 OK: 	White=10 	Black=11 Best: 	White=2 	--- Brilliant: 	--- 	Black=2 Precisão Stockfish 17: Brancas 85% Pretas 96% Precisão Chess.com: Brancas 87.1% Pretas 94.4%} (37... Bb3+ 38. Ka1 Qxa6 (38... Qxe7 $2 39. Rc3 $19)) 0-1

[Event "87th Tata Steel Masters 2025"]
[Site "Wijk aan Zee"]
[Date "2025.01.31"]
[Round "11.6"]
[White "Sarana, Alexey"]
[Black "Harikrishna, Pentala"]
[Result "0-1"]
[WhiteElo "2677"]
[BlackElo "2695"]
[Annotator "Chessbase - Stockfish 17"]
[PlyCount "80"]
[EventDate "2025.??.??"]
[EventCountry "NED"]

{[%evp 0,80,21,23,30,-11,-3,-1,-1,18,20,23,38,27,34,33,11,12,33,-11,-19,-30,-19,-20,-21,-4,-20,-22,-11,-32,-26,-37,-5,-12,-14,-12,-15,-58,-58,-51,-43,-54,-51,-81,-64,-94,-43,-25,-13,-31,-30,-24,-64,-44,-44,-53,-53,-34,-52,-99,-37,-37,-39,-51,-64,-54,-53,-87,-91,-124,-104,-134,-149,-144,-190,-202,-227,-234,-259,-244,-255,-331,-359]} 1. d4 Nf6 2. c4 e6 3. Nf3 d5 4. Nc3 h6 5. e3 a6 6. b3 c5 7. cxd5 (7. Bb2 cxd4 8. Nxd4 Be7 (8... dxc4 9. Bxc4 Bd6 10. O-O O-O 11. h3 Qe7 12. Qc2 b5 13. Bd3 Bb7 14. Rac1 Rc8 15. Nd5 Qd8 16. Nxf6+ gxf6 17. Qb1 Nd7 18. Bh7+ Kh8 19. Be4 Rab8 20. Rxc8 Qxc8 21. Rc1 Qf8 {Gevorgyan,D (2254)-Stopa,J (2298) Paracin SRB 2025 0-1 (32)}) 9. Nf3 Qa5 10. a3 dxc4 11. Bxc4 b5 12. Be2 Bb7 13. O-O O-O 14. Nd4 Nbd7 15. Bf3 Qb6 16. a4 b4 17. a5 Qa7 18. Na4 Rac8 19. Qe2 Bxf3 20. Qxf3 Nd5 21. Rac1 Bf6 {Artemiev,V (2708)-Carlsen,M (2862) Chess.com INT 2020 0-1 (46)}) 7... cxd4 8. Nxd4 Nxd5 $146 9. Bd2 Nf6 10. Qc2 Bd7 11. Be2 Nc6 12. Nf3 Rc8 13. O-O Be7 14. Rfd1 O-O 15. a3 Bd6 16. b4 Qe7 17. Be1 Rfd8 18. Qb1 Ne5 19. Qb3 b5 20. h3 Nc4 21. Rac1 e5 22. e4 $6 {Inaccuracy. Bxc4 was best.} (22. Bxc4 bxc4) 22... Be6 23. Nd5 Nxd5 24. exd5 Bd7 25. Bxc4 $6 {Inaccuracy. Nd2 was best.} (25. Nd2 Nxd2 26. Bxd2 e4 27. Qe3 Rxc1 28. Bxc1 f5 29. g3 Rc8 30. Bb2 Qg5) 25... bxc4 26. Rxc4 Ba4 27. Qxa4 Rxc4 28. Qxa6 Qc7 29. b5 $6 {Inaccuracy. Kf1 was best.} (29. Kf1 Rc8) 29... Qc8 $6 {Inaccuracy. e4 was best.} (29... e4 30. Nd4 Rc1 31. Qa4 Rxd1 32. Qxd1 Bh2+ 33. Kh1 Rxd5 34. Qa4 Qc5 35. Kxh2) 30. Qa5 Qa8 31. b6 $6 {Inaccuracy. Qxa8 was best.} (31. Qxa8) 31... Qxa5 32. Bxa5 Ra8 33. Bb4 Bxb4 34. b7 Re8 35. d6 Bxd6 36. Rxd6 f6 37. Rd7 Rb8 38. Nd2 Rd4 39. Rxd4 exd4 40. Nb3 d3 {0-1 Black wins. Precisão Stockfish 17: Brancas 93% Pretas 98% Precisão Chess.com: Brancas 88.3% Pretas 95.1%} 0-1

[Event "87th Tata Steel Masters 2025"]
[Site "Wijk aan Zee"]
[Date "2025.01.31"]
[Round "11.7"]
[White "Van Foreest, Jorden"]
[Black "Erigaisi, Arjun Kumar"]
[Result "1/2-1/2"]
[WhiteElo "2680"]
[BlackElo "2801"]
[Annotator "Chessbase - Stockfish 17"]
[PlyCount "63"]
[EventDate "2025.??.??"]
[EventCountry "NED"]

{[%evp 9,63,-2,0,-26,-16,-17,-13,-20,-18,-17,13,14,0,0,0,0,0,6,0,0,5,0,10,0,0,0,0,0,0,0,0,0,0,0,0,0,0,0,0,0,0,0,0,0,0,0,5,0,0,0,0,0,0,0,0,0]} 1. d4 Nf6 2. c4 e6 3. Nc3 Bb4 4. a3 Bxc3+ 5. bxc3 Nc6 6. f3 {E24: Nimzo-Indian: Sämisch: Unusual Black 5th moves and 5...c5 sidelines.} b6 7. e4 {The position is equal.} Na5 8. c5 (8. Bd3 Ba6 9. Qe2 O-O 10. Bg5 h6 11. Bh4 g5 12. Bg3 Nh5 13. f4 Ng7 14. Nf3 f5 15. O-O g4 16. Nd2 d5 17. cxd5 Bxd3 18. Qxd3 fxe4 19. Qxe4 Qxd5 20. Qg6 Qf5 21. Qxh6 Rf6 22. Qg5 Rg6 {Ter Sahakyan,S (2649)-Firouzja,A (2759) chess.com INT 2024 ½-½ (53)}) 8... bxc5 9. Qa4 Nc6 10. Bb5 $146 (10. Bg5 h6 11. Bh4 cxd4 12. cxd4 e5 13. Ne2 O-O 14. Rc1 exd4 15. Nxd4 Nxd4 16. Qxd4 d6 17. Bxf6 Qxf6 18. Qxf6 gxf6 19. Rxc7 Rb8 20. Kd2 Rb2+ 21. Rc2 Rb1 22. Rc1 Rb2+ 23. Kc3 Ra2 24. Bc4 Rxg2 {Sasikiran,K (2581)-Albers,S (2309) Paracin SRB 2024 1-0 (46)}) 10... cxd4 $146 (10... Ne7 11. dxc5 O-O 12. Be3 d5 13. e5 Nd7 14. f4 a5 15. Nf3 Nb8 16. Qc2 h6 {1-0 Vuelban,V (2237)-Bellahcene,B (2521) Kuwait op 1st 2025 (5)}) 11. Bxc6 dxc6 12. cxd4 Qd7 {[%cal Yc6c5]} 13. Ne2 c5 14. Qc4 {White sacrificed a pawn} cxd4 15. Nxd4 Ba6 16. Qxa6 (16. Qc5 {simplifies} Qd6 17. Qc6+ Qxc6 18. Nxc6 Bb5 19. Na5) 16... Qxd4 17. Qc6+ {A sharp opening} Ke7 18. Qxc7+ Nd7 19. Bg5+ f6 20. Rd1 Rhc8 21. Qg3 {Really sharp!} Qb6 22. Bf4 g6 23. Qf2 {Prevents Rc2} (23. Qh4 {keeps more tension.} h5 24. Qf2 Ke8 25. O-O) 23... Qxf2+ 24. Kxf2 e5 25. Be3 Rc2+ 26. Rd2 Rac8 27. Rhd1 Nb6 28. Bxb6 axb6 29. Ke2 R8c3 30. a4 Rxd2+ 31. Rxd2 Ra3 32. Rb2 {An interesting draw. Weighted Error Value: White=0.02 (flawless) /Black=0.02 (flawless) Inaccurate: 	--- 	Black=1 OK: 	White=15 	Black=15 Best: 	White=2 	Black=2 Precisão Stockfish 17: Brancas 99% Pretas 99% Precisão Chess.com: Brancas 99.5% Pretas 99.5%} 1/2-1/2

[Event "87th Tata Steel Masters 2025"]
[Site "Wijk aan Zee"]
[Date "2025.02.01"]
[Round "12.1"]
[White "Yakubboev, Nodirbek"]
[Black "Pijpers, Arthur"]
[Result "1-0"]
[WhiteElo "2659"]
[BlackElo "2474"]
[Annotator "Chessbase - Stockfish 17"]
[PlyCount "71"]
[EventDate "2025.??.??"]
[EventCountry "NED"]

{[%evp 0,71,19,27,17,-29,15,15,71,80,64,59,49,49,51,34,40,23,23,27,35,21,48,31,50,8,11,-1,-2,-5,12,-10,-7,9,1,-19,-26,-9,-17,-23,13,15,115,115,115,114,114,112,163,120,110,159,172,109,109,111,149,82,56,56,182,280,254,274,358,358,772,772,842,29996,29997,29998,29999,-30000]} 1. Nf3 Nf6 2. c4 c5 3. Nc3 d5 4. cxd5 Nxd5 5. d4 Nxc3 6. bxc3 g6 7. e3 Bg7 8. Bc4 O-O 9. O-O Qc7 10. Bd3 Rd8 11. Ba3 b6 12. Qe2 Nc6 13. Rac1 Bb7 14. Rfd1 $146 (14. Ba6 Bxa6 15. Qxa6 Rac8 16. h3 Na5 17. Qe2 Qd7 18. dxc5 Qa4 19. Bb4 bxc5 20. Bxa5 Qxa5 21. c4 Rb8 22. Rb1 Rb4 23. Rxb4 Qxb4 24. Qc2 Rb8 25. Rd1 Bf6 26. e4 e6 27. e5 Bd8 28. Rd7 Bb6 {Poschel,P (2260)-Koster,E Dearborn 1986 ½-½ (83)}) 14... e6 15. h4 Qe7 16. e4 Qf6 $6 {Inaccuracy. Rac8 was best.} (16... Rac8) 17. Bb2 Qf4 18. g3 Qg4 19. Qe3 cxd4 $6 {Inaccuracy. Na5 was best.} (19... Na5 20. Re1) 20. cxd4 Rac8 $6 {Inaccuracy. e5 was best.} (20... e5 21. dxe5) 21. Be2 Qh5 $6 {Inaccuracy. Nxd4 was best.} (21... Nxd4 22. Bxd4 Qxe4 23. Rxc8 Rxc8 24. Qxe4 Bxe4 25. Be3 Bd5 26. Nd4 h6 27. a4) 22. Ng5 Qh6 23. Qf4 Rf8 24. Ba1 $6 {Inaccuracy. e5 was best.} (24. e5 Nb4 25. Rxc8 Bxc8 26. Ba3 a5 27. Rc1 Bb7 28. Rc7 Bd5 29. Rxf7 Bxa2) 24... a6 25. d5 e5 26. Qe3 Nd4 27. Bxd4 $6 {Inaccuracy. Bg4 was best.} (27. Bg4 Rcd8 28. Bxd4 exd4 29. Qf4 Rde8 30. Qc7 Ba8 31. Qd7 Bf6 32. Nxf7 Qg7) 27... exd4 28. Qb3 Rxc1 $6 {Inaccuracy. Bf6 was best.} (28... Bf6 29. Rxc8 Bxc8 30. Nf3 Bg4 31. Nxd4 Qh5 32. Bxg4 Qxg4 33. Qd3 Bxh4 34. e5) 29. Rxc1 Bf6 $6 {Inaccuracy. Be5 was best.} (29... Be5 30. Qxb6 Bc8 31. d6 Be6 32. Kg2 a5 33. Rc2 Qg7 34. f4 h6 35. Nxe6) 30. Rc7 Bc8 $6 {Inaccuracy. Bxg5 was best.} (30... Bxg5 31. hxg5 Qxg5 32. Rxb7 b5 33. d6 Kg7 34. Qd5 Qxd5 35. exd5 Re8) 31. Nxf7 Qd2 32. d6 Qe1+ 33. Bf1 Bg7 $2 {Checkmate is now unavoidable. Qc3 was best.} (33... Qc3 34. Rxc3 dxc3 35. e5 Be6 36. Qxc3 Bxh4 37. gxh4 h6 38. Nxh6+ Kh7 39. Qc7+) 34. Nh6+ Kh8 35. Qg8+ Rxg8 36. Nf7# {1-0 White wins. Precisão Stockfish 17: Brancas 96% Pretas 88% Precisão Chess.com: Brancas 93.1% Pretas 80.3%} 1-0

[Event "87th Tata Steel Masters 2025"]
[Site "Wijk aan Zee"]
[Date "2025.02.01"]
[Round "12.2"]
[White "Suleymanli, Aydin"]
[Black "Svane, Frederik"]
[Result "1-0"]
[WhiteElo "2623"]
[BlackElo "2664"]
[Annotator "Chessbase - Stockfish 17"]
[PlyCount "167"]
[EventDate "2025.??.??"]
[EventCountry "NED"]

{[%evp 15,167,13,16,5,11,12,29,17,22,16,20,15,14,20,23,15,23,0,0,0,0,0,0,0,0,0,0,-13,0,-18,-15,7,6,0,0,0,19,12,12,6,29,16,22,27,27,27,52,51,60,58,76,62,86,76,64,35,35,29,33,39,50,43,83,82,87,87,111,104,104,104,133,83,94,86,162,160,165,165,220,158,164,167,261,155,162,160,145,156,163,160,180,174,174,162,166,156,145,88,219,143,149,-658,220,218,218,217,206,213,218,211,217,224,211,210,242,250,253,241,241,242,262,264,473,466,535,488,481,419,1143,1145,362,1058,1161,1174,1170,1096,764,952,1133,1054,1066,745,893,629,1685,4095,4681,4627,4133,3685,1503,1336,1048,975]} 1. d4 Nf6 2. c4 e6 3. Nc3 d5 4. cxd5 exd5 5. Bg5 Be7 6. e3 O-O 7. Bd3 h6 8. Bh4 c6 9. Nge2 {9.Bg3 is the modern continuation. D35: Queen's Gambit Declined: Exchange Variation.} Re8 10. O-O a5 11. Qc2 {White has an edge.} (11. f3 Nbd7 12. a4 Nf8 13. Kh1 Ne6 14. Bf2 Bf8 15. e4 dxe4 16. fxe4 c5 17. Bb5 Bd7 18. Bxd7 Qxd7 19. Bh4 Ng5 20. Bxg5 hxg5 21. Rxf6 gxf6 22. Nd5 Ra6 23. dxc5 Qg4 24. h3 Qxe4 25. Ng3 Qe5 {Suleymanli,A (2543)-Brunello,S (2519) Almaty KAZ 2022 1-0 (37)}) 11... Nbd7 (11... Na6 12. a3 Nc7 13. f3 Ne6 14. Bf2 b5 15. Ng3 Ba6 16. Nce2 c5 17. dxc5 Nxc5 18. Bf5 b4 19. axb4 axb4 20. Rfd1 Bc4 21. Nd4 b3 22. Qd2 Bf8 23. Rxa8 Qxa8 24. Bb1 g6 25. h4 h5 26. Nge2 {Maghsoodloo,P (2707)-Carlsen,M (2839) chess.com INT 2023 ½-½ (74)}) 12. Bg3 $146 {[%cal Yc3b5]} (12. f3 b5 13. Bf2 (13. Rae1 Ba6 14. Bf2 Nb6 15. Ng3 b4 16. Bxa6 Rxa6 17. Nd1 Nbd7 18. e4 dxe4 19. fxe4 c5 20. e5 Nd5 21. Nf5 Bf8 22. Bh4 Qb6 23. Nd6 Bxd6 24. Qf5 N7f6 25. exf6 Rxe1 26. Rxe1 Qc6 {Bercaru,V (2065)-Sabuk,P (2375) Roquetas de Mar ESP 2025 1-0 (44)}) 13... Bb7 14. h3 Rc8 15. Bf5 g6 16. Bxg6 fxg6 17. Qxg6+ Kh8 18. e4 Nh7 19. e5 b4 20. Nd1 Ba6 21. Re1 Rg8 22. Qxh6 Bg5 23. Qd6 Qe8 24. e6 Qg6 25. Bg3 Ndf6 26. Nf2 Be3 {Gaal,Z (2341)-Hong,A (2572) Budapest HUN 2024 0-1 (47)}) (12. Rae1 b5 13. f3 (13. Nb1 Bb7 14. Nd2 Qb6 15. Rc1 a4 16. Bf5 b4 17. Bxd7 Nxd7 18. Bxe7 Rxe7 19. Nf4 Ra5 20. Nd3 Ba6 21. Rfd1 Bxd3 22. Qxd3 c5 23. dxc5 Rxc5 24. Nf3 Nf6 25. Rxc5 Qxc5 26. Qd4 Rc7 {Bulau,A (2154)-Cnejev,V (2268) Sebes ROU 2022 0-1 (94)}) 13... Nb6 14. Bf2 Bd7 15. h3 b4 16. Nb1 Rc8 17. e4 dxe4 18. fxe4 c5 19. Ba6 Rc7 20. d5 Bd6 21. Nd2 Qb8 22. b3 a4 23. Bh4 Nh7 24. Bd3 Nf8 25. Nc1 Ng6 26. Bf2 Qd8 {Hummel,P (2120)-Zwirs,N (2481) Hoogeveen NED 2022 0-1 (37)}) 12... Bf8 13. h3 b5 14. Rac1 Ba6 15. Rfd1 Qb6 16. e4 $146 (16. Bf4 b4 17. Na4 Bxd3 18. Qxd3 Qb7 19. Rc2 Rac8 20. Rdc1 Ne4 21. Bh2 g6 22. Qd1 {1-0 Nikolaou,S (2180)-Malataras,G (1976) Aegean op 46th 2023 (5)}) 16... b4 {aiming for ...Bxd3.} 17. Na4 {[%csl Yb6,Yc6]} Bxd3 $1 18. Rxd3 Qb5 19. e5 Ne4 20. Qd1 Rac8 21. b3 Qb7 22. Bf4 c5 23. f3 Ng5 $6 {Inaccuracy. c4 was best.} (23... c4) 24. dxc5 Nxc5 25. Rxd5 Nge6 26. Nxc5 Bxc5+ 27. Kh1 Qa8 28. Rc2 a4 29. Bg3 axb3 30. axb3 Qa3 31. Qb1 Qa8 32. Rd1 Rcd8 33. Nf4 Rxd1+ 34. Qxd1 Rd8 35. Qb1 {And now Nxe6 would win.} Nxf4 36. Bxf4 (36. Rxc5 {is more complex.} Nxh3 37. e6 fxe6 38. Rc7) 36... Bd4 37. Ra2 Qc8 38. Rd2 Bc3 $6 {Inaccuracy. Bb6 was best.} (38... Bb6) 39. Rd6 Re8 40. Qd3 Qa8 41. Kh2 {White is more active.} Qa5 42. Rd5 Qa1 $6 {Inaccuracy. Qb6 was best.} (42... Qb6) 43. Qc4 $6 {Inaccuracy. Bg3 was best.} (43. Bg3) 43... Qb1 $16 44. Rd3 Qc2 $2 {Mistake. Be1 was best. [#]} (44... Be1 45. Be3) 45. Bg3 $1 $18 {[%cal Yf4g3,Yg3h4,Yh4f2,Yf2c5][%mdl 32]} Qb1 46. f4 Ra8 (46... Bb2 47. Bf2 Bc3) 47. Bh4 Re8 48. Bf2 Ra8 (48... Rf8 49. Be3 Ra8) 49. Qd5 $6 {Inaccuracy. e6 was best.} (49. Qe4 $18 Re8 50. Qc6) (49. e6 fxe6 50. Qxe6+ Kh8 51. Qe4 Rg8 52. Bd4 Qc1 53. Qe5 Bxd4 54. Qxd4 Rf8) 49... Re8 $16 50. Bc5 Qc1 51. Be3 Qb1 52. Qc4 Ra8 $6 {Inaccuracy. Be1 was best.} (52... Be1) 53. e6 fxe6 54. Qxe6+ Kh8 55. Qd5 Rf8 56. Qd6 (56. Qc4) 56... Kg8 $6 {Inaccuracy. Rf6 was best.} (56... Rf6 57. Qd5 Kh7) 57. Qe6+ $6 {Inaccuracy. Bc5 was best.} (57. Bc5 Re8 58. Qg6 Qe1 59. Bd4 Bxd4 60. Rxd4 Qe6 61. Qxe6+ Rxe6 62. Rxb4 Re3) 57... Kh8 {[#]} 58. Bd4 $4 {[%mdl 8192] Blunder. Qc4 was best.} (58. Qc4 Qe1 59. Bd4 Qc1 60. Bxc3 bxc3 61. Rxc3 Qxf4+ 62. Qxf4 Rxf4 63. Kg1 Kh7) 58... Kh7 $4 {[%mdl 8192] Blunder. Qxd3 was best.} (58... Qxd3 59. Qxh6+ Qh7 60. Qd6 Rg8 61. Bb6 Qf5 62. Bc7 Rf8 63. Qe7 Qf7 64. Qc5) 59. Qe7 $18 {[%csl Gd4][%cal Re7g7]} Rg8 60. Qe4+ Kh8 {[#]} 61. Qd5 $1 $40 {[%mdl 128] Black is in trouble.} Qb2 (61... Qc1 62. Qd6) 62. Qc4 Bxd4 63. Qxd4 {[%mdl 4096] Endgame KQR-KQR. White is a pawn up.} Qe2 64. Re3 {Dodges Re8} Qf2 65. Re4 $1 Qxd4 66. Rxd4 {KR-KR. White is a pawn up.} Rb8 67. f5 Rb5 68. g4 h5 $2 (68... Kg8 69. h4 h5) 69. Kg3 (69. gxh5 Rxf5 70. Rxb4 Rxh5 $14) 69... hxg4 70. hxg4 Kg8 71. Kf4 g6 (71... Rb8 72. Rd6 Kf8) 72. fxg6 Kg7 73. Ke3 (73. Rd6 Rb8 74. Ke4 Re8+ 75. Kd4 Rc8 $16) 73... Kxg6 {White is clearly winning.} 74. Kd3 Kg5 75. Kc4 Rb8 76. Kc5 Kf6 77. Rxb4 Rc8+ 78. Kd4 Rd8+ 79. Ke3 Rh8 80. Kf4 Rh3 81. Rb6+ Kf7 82. b4 Rc3 83. g5 Rc1 84. Ke5 {Weighted Error Value: White=0.22 (precise) /Black=0.22 (precise) Loses game: 	White=1 	--- Missed win: 	--- 	Black=1 Mistake: 	White=3 	Black=6 Inaccurate: 	White=2 	Black=1 OK: 	White=30 	Black=25 Best: 	White=6 	Black=4 Strong: 	White=2 	Black=1 Precisão Stockfish 17: Brancas 89% Pretas 84% Precisão Chess.com: Brancas 91.4% Pretas 88.03%} 1-0

[Event "87th Tata Steel Masters 2025"]
[Site "Wijk aan Zee"]
[Date "2025.02.01"]
[Round "12.3"]
[White "Oro, Faustino"]
[Black "Lu, Miaoyi"]
[Result "1-0"]
[WhiteElo "2447"]
[BlackElo "2429"]
[Annotator "Chessbase - Stockfish 17"]
[PlyCount "91"]
[EventDate "2025.??.??"]
[EventCountry "NED"]

{[%evp 0,81,28,28,39,23,10,4,15,15,6,0,9,-18,12,16,6,-38,1,-51,-41,-38,-35,-37,-7,-10,5,-7,-16,-14,-14,-15,-11,-39,3,-28,31,-19,-19,-12,-14,-27,28,20,45,34,56,-1,48,52,33,23,44,29,33,53,53,41,53,62,63,86,113,106,100,113,113,107,152,115,104,115,115,115,150,157,152,152,177,270,323,335,358,389]} 1. e4 e5 2. Nf3 Nc6 3. Bb5 a6 4. Ba4 Nf6 5. O-O Bc5 6. c3 b5 7. Bb3 d6 8. d3 h6 9. Re1 O-O 10. h3 Re8 11. Nbd2 Bb6 12. Nf1 Be6 13. Bxe6 Rxe6 14. Ng3 d5 15. Qe2 Qd7 16. Nh4 $146 (16. Be3 Bxe3 17. Qxe3 Rd8 18. a4 b4 19. Qc5 bxc3 20. bxc3 Qe7 21. Qxe7 Nxe7 22. exd5 Nexd5 23. c4 Nb4 24. Rxe5 Nxd3 25. Rxe6 fxe6 26. Rb1 Nc5 27. a5 Nfe4 28. Nxe4 Nxe4 29. Re1 Nc5 30. Re5 Nb7 {Urazayev,A (2472)-Cheparinov,I (2663) Samarkand UZB 2023 ½-½ (83)}) 16... Bc5 17. Nhf5 Bf8 18. h4 Rd8 19. Be3 d4 20. cxd4 exd4 21. Bd2 Nb4 22. Rec1 c5 $6 {Inaccuracy. a5 was best.} (22... a5 23. h5) 23. Bxb4 cxb4 24. h5 a5 25. Qc2 $6 {Inaccuracy. Qf3 was best.} (25. Qf3 a4) 25... g6 26. hxg6 fxg6 27. Nh4 Ng4 28. Nf3 Bg7 $2 {Mistake. Bd6 was best.} (28... Bd6) 29. Ne2 Rf8 $6 {Inaccuracy. Ne5 was best.} (29... Ne5) 30. Qc7 Re7 31. Qxd7 Rxd7 32. Rc5 Rdf7 33. Rac1 h5 34. Rc8 $6 {Inaccuracy. Rd5 was best.} (34. Rd5 h4 35. Rc6 Rxf3 36. gxf3 Ne5 37. Rxe5 Bxe5 38. Rxg6+ Kh7 39. Rg5 Bg7) 34... h4 35. R1c6 h3 36. Rxf8+ Rxf8 37. Nexd4 $2 {Mistake. Rxg6 was best.} (37. Rxg6) 37... h2+ $2 {Mistake. Bxd4 was best.} (37... Bxd4 38. Nxd4 h2+ 39. Kh1 Nxf2+ 40. Kxh2 Rd8 41. Nf3 Nxd3 42. Rxg6+ Kf7 43. Ra6) 38. Nxh2 Nxh2 $4 {Blunder. Ne5 was best.} (38... Ne5 39. Rd6) 39. Rxg6 Rf7 $6 {Inaccuracy. Rf6 was best.} (39... Rf6 40. Rg5 Kf7 41. Nf5 Bf8 42. Kxh2 a4 43. e5 Rb6 44. Nd4 Ke8 45. Kg3) 40. Nf5 Kf8 41. Nxg7 a4 42. Ne6+ Ke8 43. Nd4 Rd7 44. Nxb5 Kf7 45. Rd6 Rb7 46. Rd5 {1-0 White wins. Precisão Stockfish 17: Brancas 96% Pretas 89% Precisão Chess.com: Brancas 93.8% Pretas 85.9%} 1-0